Catálogo

Vista normal Vista MARC

Entrada Personal Name

Número de registros utilizados en: 3

001 - CONTROL NUMBER

  • control field: 772

003 - CONTROL NUMBER IDENTIFIER

  • control field: DLC

005 - DATE AND TIME OF LATEST TRANSACTION

  • control field: 20260216152723.0

008 - FIXED-LENGTH DATA ELEMENTS

  • fixed length control field: 800613n| azannaabn |a aaa

010 ## - LIBRARY OF CONGRESS CONTROL NUMBER

  • LC control number: n 50030582

035 ## - SYSTEM CONTROL NUMBER

  • System control number: (OCoLC)oca00065949

040 ## - CATALOGING SOURCE

  • Original cataloging agency: DLC
  • Language of cataloging: spa
  • Description conventions: rda
  • Transcribing agency: Mx-PuUPA
  • Modifying agency: DLC
  • Modifying agency: DLC-OB
  • Modifying agency: IEN
  • Modifying agency: MdRoLAC
  • Modifying agency: OCoLC
  • Modifying agency: Mx-PuUPA

046 ## - SPECIAL CODED DATES

  • Birth date: 19390128
  • Source of date scheme: edtf

100 1# - HEADING--PERSONAL NAME

  • Personal name: Glick, Thomas F.,
  • Dates associated with a name: 1939-

373 ## - ASSOCIATED GROUP

  • Associated group: Universidad de Harvard
  • Associated group: Universidad de Boston
  • Source of term: naf

374 ## - OCCUPATION

  • Occupation: Editor

375 ## - GENDER

  • Gender: hombre

377 ## - ASSOCIATED LANGUAGE

  • Language code: eng

400 1# - SEE FROM TRACING--PERSONAL NAME

  • Personal name: Glick, Thomas F.,
  • Dates associated with a name: 1939-

400 1# - SEE FROM TRACING--PERSONAL NAME

  • Personal name: Glick, Thomas Frederick,
  • Dates associated with a name: 1939-

670 ## - SOURCE DATA FOUND

  • Source citation: His Irrigation and society in medieval Valencia, 1970.

670 ## - SOURCE DATA FOUND

  • Source citation: The Comparative reception of relativity, c1987:
  • Information found: CIP t.p. (Thomas F. Glick, Dept. of History, Boston Univ.) data sheet (b. 1/28/39) info. fr. publ. (Thomas Frederick Glick)

670 ## - SOURCE DATA FOUND

  • Source citation: A recepção do darwinismo no Brasil, 2003:
  • Information found: t.p. (Thomas Glick) p. 5 (prof. titular no Depto. de História da Ciência, Univ. de Boston, EUA; prof. colaborador do Centro de Investigação de História de Madri, Espanha)

670 ## - SOURCE DATA FOUND

  • Source citation: Info. converted from 678, 2012-10-02
  • Information found: (b. 1939)

670 ## - SOURCE DATA FOUND

  • Source citation: From Al-andalus to the Americas (13th-17th c.), 2018:
  • Information found: eCIP title page (Thomas F. Glick) data view (Ph.D. 1968, Harvard University, is professor emeritus of history at Boston University)